Statistics for Hardstyle producers

Click here to take the quiz!

General Stats

  • This quiz has been taken 97 times
    (54 since last reset)
  • The average score is 29 of 111

Answer Stats

% Correct
Headhunterz
89%
Wildstylez
79%
Brennan Heart
71%
D-block & S-te-fan
71%
Da Tweekaz
68%
Ran-D
66%
Sub Zero Project
66%
Coone
63%
Zatox
63%
Atmozfears
61%
Radical Redemption
61%
Adaro
58%
D-Sturb
58%
Frontliner
55%
B-Front
53%
Noisecontrollers
53%
Phuture Noize
50%
TNT
50%
Gunz For Hire
47%
Hard Driver
47%
Project One
47%
Rebelion
47%
Sound Rush
47%
Technoboy
47%
The Prophet
47%
Bass Modulators
45%
Psyko Punkz
45%
DJ Isaac
42%
Showtek
42%
Tuneboy
42%
Wasted Penguinz
42%
Code Black
39%
E-Force
37%
Frequencerz
37%
Adrenalize
34%
Audiotricz
34%
Devin Wild
34%
DJ Zany
34%
Tatanka
34%
DJ Luna
32%
KELTEK
32%
Max Enforcer
32%
Crypsis
29%
JDX
29%
Toneshifterz
29%
Audiofreq
26%
Deepack
26%
Donkey Rollers
26%
Myst
26%
Sephyx
26%
Digital Punk
24%
Scope DJ
24%
Alpha Twins
21%
Chain Reaction
21%
DJ Pavo
21%
Ghost Stories
21%
The Pitcher
21%
Wild Motherfuckers
21%
A-Lusion
18%
Blademasterz
18%
Clockartz
18%
DJ Lady Dana
18%
Bioweapon
16%
Davide Sonar
16%
Deetox
16%
Blutonium Boy
13%
2 Best Enemies
11%
Activator
11%
Dark Oscillators
11%
Dr Phunk
11%
Gostosa
11%
Jay Reeve
11%
Josh & Wesz
11%
The KGB's
11%
The Nasty Boyz
11%
Abject
8%
DJ Duro
8%
Dutch Master
8%
Geck-o
8%
Hardstyle Masterz
8%
Outsiders
8%
Pavelow
8%
Southstylers
8%
The Beholder
8%
Builder
5%
Dailucia
5%
Darkraver
5%
DJ Stephanie
5%
Ecstatic
5%
Francesco Zeta
5%
Second Identity
5%
The Hose
5%
Waverider
5%
Abyss & Judge
3%
Ambassador Inc
3%
Bruno Power
3%
DJ Phil Ty
3%
DJ PiLa
3%
Dozer
3%
Ivan Carsten
3%
Julian DJ
3%
K-Traxx
3%
Lowriders
3%
Max B. Grant
3%
MKN
3%
Nasty D-Tuners
3%
Sasha F
3%
SMD
3%
Thoqy
3%
Krusaders
0%
Trance Generators
0%

Score Distribution

Percentile by Number Answered

Percent of People with Each Score

Your Score History

You have not taken this quiz since the last reset